00864cpcaa2200241 a 4500001001300000003000400013005001700017008004100034010001700075040002400092072001200116110002000128245005000148300002200198506002200220520012400242533006000366546003600426580005700462651003500519651005100554999001700605mm 80005605 DLC20260227111703.0800115|||||||||||| eng  amm 80005605  aDLCcDLCdDLCedacs 7aR2lcmd2 aUnited Nations.00aResolution on the Palestine partition,f1947. a1foversize item.0 aOpen to research.8 aPhotocopy of the voting sheet on the resolution for the partition of Palestine together with typed list of signatories. aPositive photocopy and typewritten transcript.b[S.l.]. aCollection material in English. aForms part of: Miscellaneous Manuscripts collection. 0aPalestinexHistoryy1929-1948. 0aPalestinexPolitics and governmenty1917-1948. c42764d42764